Centre de formation des joueurs de l'équipe de France de Deschamps - Statistiques

Statistiques générales
  • Ce quiz a été pris 54 fois
  • Le résultat moyen est 14 sur 39
Statistiques - réponses
Nombre de joueur formé Exemple de joueur formé Réponse % Correct
2 Boubacar Kamara Olympique de Marseille
75%
1 Antoine Griezmann Real Sociedad
75%
1 Hugo Lloris OGC Nice
73%
4 Jules Koundé FCG Bordeaux
71%
11 Jonathan Ikoné Paris Saint-Germain
63%
3 Jordan Veretout FC Nantes
60%
4 Lucas Digne LOSC - Lille
58%
1 Paul Pogba Manchester United
58%
5 Wesley Fofana AS Saint-Etienne
56%
2 Théo Hernandez Atlético Madrid
54%
2 Blaise Matuidi ESTAC - Troyes
52%
15 Alassane Pléa Olympique Lyonnais
52%
2 Rémy Cabella Montpellier HSC
48%
1 Adil Rami Frejus FC
42%
1 Clément Lenglet AS Nancy
40%
4 Morgan Schneiderlin RC Strasbourg
38%
5 Ibrahima Konaté FC Sochaux-Montbéliard
33%
2 N'golo Kanté US Boulogne
33%
4 Etienne Capoue Toulouse FC
31%
2 André-Pierre Gignac FC Lorient
29%
1 Eric Abidal Lyon La Duchère
29%
5 Khephrem Thuram AS Monaco
25%
1 Matthieu Valbuena FC Libourne
25%
1 Axel Disasi Paris FC
25%
7 Anthony Reveillère Stade Rennais
25%
6 Brice Samba Le Havre AC
23%
2 Goeffrey Kondogbia RC Lens
19%
3 Paul George Ntep AJ Auxerre
17%
1 Gaël Clichy AS Cannes
17%
1 Sébastien Corchia Le Mans FC
17%
1 Christophe Jallet Chamois Niortais
15%
3 Ruben Aguilar Grenoble Foot 38
13%
1 Nordi Mukiele Stade lavallois
13%
2 Benoit Costil Stade Malherbe de Caen
13%
1 Dayot Upamecano Valenciennes FC
13%
2 Steven Nzonzi Amiens SC
8%
1 Laurent Koscielny En Avant de Guingamp
8%
1 Patrice Evra CS Brétigny
4%
1 Equialem Mangala Standard de Liège
2%
Aucun quiz correspondant
Distribution des résultats
% des personnes avec chaque résultat
Percentile par nombre de réponses
Votre historique - résultats
Vous n’avez pas pris ce quiz